000
00292nam a2200109Ia 4500
008
200302s9999 xx 000 0 und d
100
_a
William K.Y. Tao & Others
245
_a
Mechanical and Electrical Systems in Buildings
260
_b
Prentice Hall Inc.
260
_c
1997
300
_a
538 P.,
999
_c
1405
_d
1405